Traducción comentada de la telenovela Muñeca brava diplomová práca

Guardado en:
Detalles Bibliográficos
Autor principal: Dósová, Gabriela
Autor Corporativo: Fakulta aplikovaných jazykov EU v Bratislave. Katedra románskych a slovanských jazykov
Otros Autores: Mocková, Nina, 1987-
Formato: Libro
Lenguaje:español
Publicado: Bratislava 2025
Etiquetas: Agregar Etiqueta
Sin Etiquetas, Sea el primero en etiquetar este registro!

MARC

LEADER 00000nbm a2200000 4500
001 0308961
005 20260211124258.5
041 0 |a spa 
044 |a SK 
245 1 0 |a Traducción comentada de la telenovela Muñeca brava  |b diplomová práca  |c Gabriela Dósová ; školiteľ: Nina Mocková 
264 1 |a Bratislava  |c 2025 
300 |a 78 s. 
100 1 |a Dósová, Gabriela 
700 1 |a Mocková, Nina, 1987- 
710 2 |a Fakulta aplikovaných jazykov EU v Bratislave. Katedra románskych a slovanských jazykov